000 00291nam a2200121Ia 4500
008 201210s9999 xx 000 0 und d
100 _aPiskunov, N.
245 0 _aDiffrential and Integral Calculus
260 _aMoscow
_bMir Publishers
_c1981
300 _a471
490 _vVol-I
942 _cBK
999 _c5208
_d5208